[Event "Dresden ZMD op"]
[Site "Dresden"]
[Date "2007.07.28"]
[Round "8"]
[White "Hesse, Maximilian"]
[Black "Fischer, Andre"]
[Result "0-1"]
[WhiteElo "2046"]
[BlackElo "2169"]
[PlyCount "96"]
[EventDate "2007.07.21"]
[EventType "swiss"]
[EventRounds "9"]
[EventCountry "GER"]
[SourceTitle "EXT 2008"]
[Source "ChessBase"]
[SourceDate "2007.11.25"]
[SourceVersion "1"]
[SourceVersionDate "2007.11.25"]
[SourceQuality "1"]

1. c4 e5 2. g3 Nf6 3. Bg2 d5 4. cxd5 Nxd5 5. Nc3 Nb6 6. Nf3 Nc6 7. d3 Be7 8. 0-0 0-0 9. a3 Be6 10. b4 a5 11. b5 Nd4 12. Bb2 Bb3 13. Qd2 f6 14. Rfc1 Nc4 15. Qe1 Nxb2 16. Rcb1 Nc2 17. Qd2 Nxa1 18. Qxb2 Be6 19. Nd2 Rb8 20. Rxa1 Bc5 21. Nb3 Bb6 22. Rc1 Qd7 23. a4 Qf7 24. Nd2 Rfd8 25. Nce4 Rd4 26. Qc2 Rdd8 27. Nc5 Bxc5 28. Qxc5 Rd4 29. Qa7 Qf8 30. Nc4 Bxc4 31. Rxc4 Rxc4 32. dxc4 b6 33. Qxc7 Qd8 34. Bd5+ Kh8 35. Qa7 Rc8 36. Qf7 Qd6 37. h4 Rf8 38. Qb7 Rb8 39. Qa7 Rc8 40. e3 Qc7 41. Qa6 g6 42. Kg2 Kg7 43. g4 f5 44. g5 e4 45. c5 Qxc5 46. Bc6 Re8 47. Bd7 Re7 48. Bc6 f4 0-1

[Event "Dresden ZMD op"]
[Site "Dresden"]
[Date "2007.07.22"]
[Round "2"]
[White "Hesse, Maximilian"]
[Black "Pirrot, Dieter"]
[Result "1/2-1/2"]
[WhiteElo "2046"]
[BlackElo "2411"]
[PlyCount "58"]
[EventDate "2007.07.21"]
[EventType "swiss"]
[EventRounds "9"]
[EventCountry "GER"]
[SourceTitle "EXT 2008"]
[Source "ChessBase"]
[SourceDate "2007.11.25"]
[SourceVersion "1"]
[SourceVersionDate "2007.11.25"]
[SourceQuality "1"]

1. c4 b6 2. Nf3 Bb7 3. g3 Bxf3 4. exf3 c5 5. d4 cxd4 6. Qxd4 Nc6 7. Qd1 e6 8. Bg2 Rc8 9. Nc3 Bb4 10. Bd2 Na5 11. b3 Nf6 12. Ne4 Bxd2+ 13. Qxd2 d5 14. cxd5 Nxd5 15. 0-0 0-0 16. Rfd1 h6 17. Rac1 Nc6 18. f4 Qe7 19. Nc3 Nxc3 20. Qxc3 Nb4 21. Qxc8 Rxc8 22. Rxc8+ Kh7 23. Rcd8 Nxa2 24. R8d7 Qa3 25. Rxf7 Nc3 26. Rdd7 Qa1+ 27. Bf1 Ne4 28. Rxa7 Qe1 29. Rxg7+ Kh8 1/2-1/2

[Event "Bayern-chB 77th"]
[Site "Bad Woerishofen"]
[Date "2006.08.31"]
[Round "7"]
[White "Kirsch, Martin"]
[Black "Hesse, Maximilian"]
[Result "0-1"]
[WhiteElo "1737"]
[BlackElo "1984"]
[PlyCount "42"]
[EventDate "2006.08.26"]
[EventType "swiss"]
[EventRounds "9"]
[EventCountry "GER"]
[SourceTitle "EXT 2015"]
[Source "ChessBase"]
[SourceDate "2014.11.20"]
[SourceVersion "1"]
[SourceVersionDate "2014.11.20"]
[SourceQuality "1"]

1. d4 d5 2. c4 e6 3. Nf3 Nf6 4. Nc3 c6 5. cxd5 exd5 6. Bg5 Be7 7. e3 Qb6 8. Qc2 Bf5 9. Qxf5 Qxb2 10. Rb1 Qxc3+ 11. Nd2 Nbd7 12. Rxb7 Bb4 13. e4 Qxd4 14. Be2 0-0 15. Be3 Bxd2+ 16. Bxd2 Nxe4 17. Qf4 Ndc5 18. Rb1 Rfe8 19. Be3 Qc3+ 20. Bd2 Nxd2 21. Qxd2 Nd3+ 0-1

[Event "Bayern-chB 77th"]
[Site "Bad Woerishofen"]
[Date "2006.08.27"]
[Round "3"]
[White "Scherer, Stefan"]
[Black "Hesse, Maximilian"]
[Result "1/2-1/2"]
[WhiteElo "2076"]
[BlackElo "1984"]
[PlyCount "178"]
[EventDate "2006.08.26"]
[EventType "swiss"]
[EventRounds "9"]
[EventCountry "GER"]
[SourceTitle "EXT 2015"]
[Source "ChessBase"]
[SourceDate "2014.11.20"]
[SourceVersion "1"]
[SourceVersionDate "2014.11.20"]
[SourceQuality "1"]

1. e4 e6 2. d4 d5 3. Nc3 Bb4 4. e5 c5 5. Bd2 a6 6. Qg4 Ne7 7. a3 cxd4 8. axb4 dxc3 9. Bxc3 0-0 10. Nf3 Nd7 11. Bd3 f5 12. exf6 Nxf6 13. Qg5 Bd7 14. 0-0 Rc8 15. Rfe1 h6 16. Qh4 Nf5 17. Bxf5 exf5 18. Qg3 Rc4 19. Qd6 Bc6 20. Qxd8 Rxd8 21. Bxf6 gxf6 22. c3 Re4 23. Nd4 Bd7 24. f3 Re5 25. Kf2 Rde8 26. Nb3 Bb5 27. Nd4 Bd7 28. Re2 Kf7 29. Ra5 R8e7 30. Rc5 Ke8 31. Ra5 Kd8 32. Rd2 Kc7 33. Ne2 Bc6 34. Nf4 Rd7 35. Nd3 Re8 36. Nf4 Re5 37. Nd3 Re8 38. Ra1 Rde7 39. Re1 d4 40. Rxe7+ Rxe7 41. c4 Be8 42. Nf4 Bf7 43. Rxd4 Rd7 44. Ke3 Re7+ 45. Kd2 Rd7 46. Rxd7+ Kxd7 47. Kd3 Kc6 48. Kd4 Kd6 49. Ne2 Be8 50. Nc3 Bc6 51. Nd1 Bd7 52. Ne3 Be6 53. Nd5 Bxd5 54. cxd5 h5 55. g3 b6 56. b3 Kd7 57. Ke3 Kd6 58. Kf4 Kxd5 59. Kxf5 Kd4 60. Kxf6 a5 61. bxa5 bxa5 62. Kg5 Kc3 63. f4 Kxb3 64. f5 a4 65. f6 a3 66. f7 a2 67. f8Q a1Q 68. Kxh5 Qe5+ 69. Kg4 Qe4+ 70. Qf4 Qg6+ 71. Kf3 Qc6+ 72. Ke2 Qg2+ 73. Qf2 Qh3 74. g4 Ka4 75. Qg3 Qh7 76. Qf4+ Ka3 77. Kf3 Qh3+ 78. Ke4 Qh7+ 79. Ke5 Qh8+ 80. Kf5 Qh7+ 81. Kg5 Qg7+ 82. Kh4 Qh7+ 83. Kg3 Ka2 84. h4 Qd3+ 85. Qf3 Qd6+ 86. Kg2 Ka1 87. h5 Qb8 88. Kh3 Qb3 89. Qg3 Qc2 1/2-1/2

[Event "Bayern-chI Bank Hofmann 9th"]
[Site "Bad Wiessee"]
[Date "2005.10.29"]
[Round "1"]
[White "Hesse, Maximilian"]
[Black "Kritz, Leonid"]
[Result "0-1"]
[WhiteElo "2050"]
[BlackElo "2545"]
[PlyCount "81"]
[EventDate "2005.10.29"]
[EventType "swiss"]
[EventRounds "9"]
[EventCountry "GER"]
[SourceTitle "EXT 2006"]
[Source "ChessBase"]
[SourceDate "2005.11.24"]
[SourceVersion "1"]
[SourceVersionDate "2005.11.24"]
[SourceQuality "1"]

1. c4 e5 2. Nc3 Nf6 3. g3 d5 4. cxd5 Nxd5 5. Bg2 Nb6 6. Nf3 Nc6 7. d3 Be7 8. 0-0 0-0 9. a3 a5 10. Be3 Be6 11. Rc1 Nd5 12. Nxd5 Bxd5 13. Qa4 Bd6 14. Bc5 Ne7 15. Nd2 c6 16. Bxd6 Qxd6 17. Nc4 Qc7 18. Ne3 Bxg2 19. Kxg2 f5 20. Qc4+ Kh8 21. Nd5 Nxd5 22. Qxd5 Rad8 23. Qc5 Rf6 24. Rc2 Rh6 25. Rd1 f4 26. b4 b6 27. Qc4 Qc8 28. h4 Rd4 29. Qf7 fxg3 30. fxg3 Rf6 31. Qe7 Rxh4 32. Qxf6 Qh3+ 33. Kf2 gxf6 34. gxh4 Qh2+ 35. Kf3 Qf4+ 36. Kg2 e4 37. Rcc1 axb4 38. axb4 e3 39. Rxc6 Qg4+ 40. Kf1 Qg3 41. Rxf6 0-1